| 000 | 00525nam a2200181Ia 4500 | ||
|---|---|---|---|
| 005 | 20250508153621.0 | ||
| 008 | 008 250505s9999 xx 000 0 eng d | ||
| 037 | _aTextual | ||
| 040 |
_aFEDL _beng _cFEDL |
||
| 041 |
_aeng _2eng |
||
| 084 |
_a371.73, BOA _qFEDL |
||
| 245 | 0 | _aSyllabus of physical training for schools 1933 | |
| 245 | 0 | _cBoard Of Education | |
| 260 |
_aLondon, UK _bHis Majesty's Stationery Office _c1936 |
||
| 300 | _a352p. | ||
| 942 |
_cTEXL _h371.73, BOA |
||
| 999 |
_c1344456 _d1344456 |
||